Innovative departures: Anthropology and the Indian diaspora (Record no. 1225463)

MARC details
000 -LEADER
fixed length control field 00652nam a2200217Ia 4500
005 - DATE AND TIME OF LATEST TRANSACTION
control field 20241129104334.0
008 - FIXED-LENGTH DATA ELEMENTS--GENERAL INFORMATION
fixed length control field 241129s9999||||xx |||||||||||||| ||und||
020 ## - INTERNATIONAL STANDARD BOOK NUMBER
International Standard Book Number 9781138493834
037 ## - SOURCE OF ACQUISITION
Stock number Textual
040 ## - CATALOGING SOURCE
Original cataloging agency RTL
Language of cataloging eng
Transcribing agency RTL
041 ## - LANGUAGE CODE
Language code of text/sound track or separate title eng
Source of code eng
084 ## - COLON CLASSIFICATION NUMBER
Classification number Y7.2 Q8
Assigning agency RTL
100 ## - MAIN ENTRY--PERSONAL NAME
Personal name Jain Ravindra K.
9 (RLIN) 268962
245 #0 - TITLE STATEMENT
Title Innovative departures: Anthropology and the Indian diaspora
Statement of responsibility, etc. Jain Ravindra K.
260 ## - PUBLICATION, DISTRIBUTION, ETC.
Place of publication, distribution, etc. New York
Name of publisher, distributor, etc. Routledge
Date of publication, distribution, etc. 2018
300 ## - PHYSICAL DESCRIPTION
Extent ix,169p.
365 ## - TRADE PRICE
Price type code INR
Price amount 995
650 ## - SUBJECT ADDED ENTRY--TOPICAL TERM
Topical term or geographic name entry element Anthropology in the Context of Indian Diaspora
9 (RLIN) 725861
942 ## - ADDED ENTRY ELEMENTS (KOHA)
Koha item type Textbook
Classification part Y7.2 Q8
Holdings
Withdrawn status Lost status Damaged status Not for loan Home library Current library Date acquired Source of acquisition Cost, normal purchase price Inventory number Total Checkouts Full call number Barcode Date last seen Price effective from Koha item type
        Ratan Tata Library Ratan Tata Library 2024-11-29 Shivam Book Service 995.00 210 & 09/02/23   Y7.2 Q8 RT1584928 2024-11-29 2024-11-29 Textbook
Copyright @ Delhi University Library System